000 00347nam a2200133Ia 4500
008 210210b1978 xxu||||| |||| 00| 0 eng d
082 _a824 SASM
100 _aSASTRY (L S R Krishna).
245 _aMasters of english prose.
260 _aBombay
_bThe Macmillan Co. of India
_c1978
300 _avi,154
690 _aEnglish Prose
906 _a042827
999 _c92235
_d92235